| 000 | 00502 a2200169 4500 | ||
|---|---|---|---|
| 999 |
_c5269 _d5269 |
||
| 010 | _aENG-86801 | ||
| 020 |
_c495.00 _a8131301826 |
||
| 035 | _aEN-70334 | ||
| 037 | _bDBAD / PUB | ||
| 082 | 0 | 0 | _a371.102 |
| 100 | _aMishra, R.C. | ||
| 245 | 1 | 0 |
_aTeaching styles _cby R.C. Mishra |
| 260 |
_aNew Delhi _bA P H Publishing _c2007 |
||
| 270 |
_a5, Ansari Road, Darya Ganj _bNew Delhi _maphbooks@vsnl.net _e110 002 |
||
| 300 |
_aviii, 242p _c21 cm (Hb) |
||
| 942 |
_adpl _cEN _2ddc _h371.102 _mMIS |
||